[Event "Chess24 Banter Blitz Cup"]
[Site "chess24.com INT"]
[Date "2020.01.04"]
[Round "2.14"]
[White "Iturrizaga Bonelli, Eduardo"]
[Black "Nyzhnyk, Illya"]
[Result "1-0"]
[WhiteElo "2629"]
[BlackElo "2665"]
[PlyCount "51"]
[EventDate "2019.09.25"]
[EventType "k.o. (blitz)"]
[EventRounds "7"]
[EventCountry "USA"]
[SourceTitle "CBM 194 Extra"]
[Source "ChessBase"]
[SourceDate "2020.03.31"]
[SourceVersion "1"]
[SourceVersionDate "2020.03.31"]
[SourceQuality "1"]

1. c4 Nf6 2. Nf3 g6 3. g3 Bg7 4. Bg2 O-O 5. O-O c5 6. Nc3 Nc6 7. d4 cxd4 8.
Nxd4 Qc7 9. Nb3 d6 10. Bf4 Nh5 11. Be3 Be6 12. Nd5 Qd8 13. Qd2 Rc8 14. Rac1 b6
15. Nd4 Ne5 16. b3 Bd7 17. h3 e6 18. Nc3 a6 19. Rfd1 Re8 20. Nf3 Nxf3+ 21. Bxf3
Bf8 22. Bxh5 gxh5 23. Ne4 Rc6 24. Bg5 Be7 25. Bxe7 Rxe7 26. Qg5+ 1-0

[Event "Chess24 Banter Blitz Cup"]
[Site "chess24.com INT"]
[Date "2020.03.01"]
[Round "3.2"]
[White "Iturrizaga Bonelli, Eduardo"]
[Black "Bacrot, Etienne"]
[Result "1-0"]
[WhiteElo "2629"]
[BlackElo "2671"]
[PlyCount "103"]
[EventDate "2019.09.25"]
[EventType "k.o. (blitz)"]
[EventRounds "7"]
[EventCountry "USA"]
[SourceTitle "CBM 195 Extra"]
[Source "ChessBase"]
[SourceDate "2020.05.31"]
[SourceVersion "1"]
[SourceVersionDate "2020.05.31"]
[SourceQuality "1"]

1. c4 g6 2. g3 Bg7 3. Bg2 c6 4. Nc3 Nf6 5. e4 d6 6. Nge2 O-O 7. d4 e5 8. O-O
Nbd7 9. b3 a5 10. Ba3 exd4 11. Nxd4 Nc5 12. Re1 Re8 13. h3 Nfd7 14. Qd2 Ne5 15.
Re3 Qb6 16. Nde2 a4 17. Qxd6 Ncd7 18. Qd1 Nc5 19. b4 Rd8 20. Qf1 Ne6 21. c5 Qc7
22. Nf4 Nxf4 23. gxf4 Nd7 24. e5 Nf8 25. Ne4 Ne6 26. f5 gxf5 27. Nd6 f4 28.
Ree1 Qe7 29. Kh2 Kh8 30. Qe2 Rg8 31. Qh5 Rf8 32. Rad1 h6 33. Nf5 Qg5 34. Qxg5
hxg5 35. Nd6 Rb8 36. Bf3 Bd7 37. Bg4 Be8 38. Nf5 Kh7 39. Nd6 Kg6 40. Rh1 Kh6
41. h4 Kg6 42. Kg2 Rh8 43. h5+ Kh7 44. Nf5 Kg8 45. Ne7+ Kf8 46. Nf5 Bxe5 47.
Nd6 f3+ 48. Kf1 Bxd6 49. cxd6 Nf4 50. d7 Ne2 51. b5+ Kg7 52. Bb2+ 1-0

[Event "Chess24 Banter Blitz Cup"]
[Site "chess24.com INT"]
[Date "2020.03.01"]
[Round "3.4"]
[White "Iturrizaga Bonelli, Eduardo"]
[Black "Bacrot, Etienne"]
[Result "1-0"]
[WhiteElo "2629"]
[BlackElo "2671"]
[PlyCount "89"]
[EventDate "2019.09.25"]
[EventType "k.o. (blitz)"]
[EventRounds "7"]
[EventCountry "USA"]
[SourceTitle "CBM 195 Extra"]
[Source "ChessBase"]
[SourceDate "2020.05.31"]
[SourceVersion "1"]
[SourceVersionDate "2020.05.31"]
[SourceQuality "1"]

1. c4 g6 2. Nc3 Bg7 3. d4 d6 4. Nf3 Nf6 5. e3 O-O 6. g3 Nbd7 7. Bg2 e5 8. O-O
c6 9. b3 Re8 10. Qc2 a5 11. Ba3 Qc7 12. Rfd1 exd4 13. exd4 b5 14. Bb2 bxc4 15.
bxc4 Ba6 16. Nd2 Rab8 17. Rab1 Nb6 18. Na4 Nxa4 19. Qxa4 d5 20. Bc3 Ra8 21.
Bxa5 Qd7 22. Qc2 dxc4 23. Bb6 Nd5 24. Bc5 c3 25. Ne4 Qf5 26. Rbc1 Bb5 27. Re1
Ba4 28. Qd3 Bb5 29. Qb1 Red8 30. Nxc3 Qxb1 31. Nxb1 Rxa2 32. Bxd5 cxd5 33. Nc3
Rb2 34. Bb6 Rb8 35. Nxd5 Bd7 36. Bc5 Be6 37. Ne7+ Kh8 38. Nc6 Rc8 39. Ne5 Bf6
40. Nf3 Rb3 41. Ne5 Bd5 42. Rcd1 Rcb8 43. Nd7 R8b5 44. Nxf6 Rxc5 45. dxc5 1-0

[Event "Chess24 Banter Blitz Cup"]
[Site "chess24.com INT"]
[Date "2020.03.01"]
[Round "3.6"]
[White "Iturrizaga Bonelli, Eduardo"]
[Black "Bacrot, Etienne"]
[Result "1-0"]
[WhiteElo "2629"]
[BlackElo "2671"]
[PlyCount "55"]
[EventDate "2019.09.25"]
[EventType "k.o. (blitz)"]
[EventRounds "7"]
[EventCountry "USA"]
[SourceTitle "CBM 195 Extra"]
[Source "ChessBase"]
[SourceDate "2020.05.31"]
[SourceVersion "1"]
[SourceVersionDate "2020.05.31"]
[SourceQuality "1"]

1. b3 e5 2. Bb2 Nc6 3. g3 Nf6 4. Bg2 d5 5. c4 Be6 6. cxd5 Bxd5 7. Nf3 e4 8. Nh4
Be6 9. Nc3 g5 10. Nxe4 Nxe4 11. Bxe4 Nd4 12. Nf3 Bg7 13. Nxd4 Bxd4 14. Bxd4
Qxd4 15. Bxb7 Rd8 16. Bc6+ Ke7 17. Rc1 h5 18. h4 f6 19. Qc2 Rd6 20. Bg2 c5 21.
Qc3 Qg4 22. hxg5 Qxg5 23. Qe3 Qf5 24. Bh3 Qd5 25. f3 f5 26. Rxc5 Qb7 27. Bxf5
Rhd8 28. Rxh5 1-0

[Event "Chess24 Banter Blitz Cup"]
[Site "chess24.com INT"]
[Date "2020.03.01"]
[Round "3.7"]
[White "Bacrot, Etienne"]
[Black "Iturrizaga Bonelli, Eduardo"]
[Result "0-1"]
[WhiteElo "2671"]
[BlackElo "2629"]
[PlyCount "72"]
[EventDate "2019.09.25"]
[EventType "k.o. (blitz)"]
[EventRounds "7"]
[EventCountry "USA"]
[SourceTitle "CBM 195 Extra"]
[Source "ChessBase"]
[SourceDate "2020.05.31"]
[SourceVersion "1"]
[SourceVersionDate "2020.05.31"]
[SourceQuality "1"]

1. e4 c5 2. Nf3 g6 3. c3 Nf6 4. e5 Nd5 5. d4 cxd4 6. cxd4 Bg7 7. Bc4 Nb6 8. Bb3
Nc6 9. Nc3 d6 10. e6 fxe6 11. O-O O-O 12. Re1 d5 13. Be3 Bd7 14. h4 Rc8 15. h5
gxh5 16. Bc2 Qe8 17. Ne5 Nxe5 18. dxe5 Nc4 19. Bd4 Nxb2 20. Qb1 Rf4 21. Bxh7+
Kh8 22. Bg6 Qf8 23. Be3 Nc4 24. Bxf4 Qxf4 25. Qd1 Qg5 26. Qxh5+ Qxh5 27. Bxh5
Bxe5 28. Rac1 Bf4 29. Rcd1 Nb2 30. Nxd5 exd5 31. Rxd5 Bc6 32. Rf5 Bd6 33. Re6
Bd7 34. Rh6+ Kg7 35. Rg6+ Kh8 36. Rf3 Rc1# 0-1

[Event "Chess24 Banter Blitz Cup"]
[Site "chess24.com INT"]
[Date "2020.03.01"]
[Round "3.9"]
[White "Bacrot, Etienne"]
[Black "Iturrizaga Bonelli, Eduardo"]
[Result "0-1"]
[WhiteElo "2671"]
[BlackElo "2629"]
[PlyCount "68"]
[EventDate "2019.09.25"]
[EventType "k.o. (blitz)"]
[EventRounds "7"]
[EventCountry "USA"]
[SourceTitle "CBM 195 Extra"]
[Source "ChessBase"]
[SourceDate "2020.05.31"]
[SourceVersion "1"]
[SourceVersionDate "2020.05.31"]
[SourceQuality "1"]

1. e4 c5 2. Nf3 g6 3. d4 cxd4 4. Nxd4 Bg7 5. c4 Nf6 6. Nc3 d6 7. Be2 O-O 8. O-O
Nc6 9. Nc2 Be6 10. Be3 a5 11. Rb1 Nd7 12. Nd5 Nc5 13. f3 f5 14. exf5 Bxf5 15.
b3 e6 16. Bxc5 Bxc2 17. Qxc2 dxc5 18. Ne3 Qd4 19. Kf2 Qh4+ 20. Kg1 Bd4 21. Qc1
Qh6 22. Kf2 Qxh2 23. Rh1 Qe5 24. Rh4 Nb4 25. Qd2 Nc2 26. Rxd4 Nxd4 27. Bd3 Rad8
28. Ng4 Qf4 29. Qxf4 Rxf4 30. Ke3 Rff8 31. Be4 b6 32. Rh1 Kg7 33. Ne5 Nf5+ 34.
Kf2 Rd2+ 0-1

[Event "Chess24 Banter Blitz Cup"]
[Site "chess24.com INT"]
[Date "2020.03.01"]
[Round "3.11"]
[White "Bacrot, Etienne"]
[Black "Iturrizaga Bonelli, Eduardo"]
[Result "0-1"]
[WhiteElo "2671"]
[BlackElo "2629"]
[PlyCount "86"]
[EventDate "2019.09.25"]
[EventType "k.o. (blitz)"]
[EventRounds "7"]
[EventCountry "USA"]
[SourceTitle "CBM 195 Extra"]
[Source "ChessBase"]
[SourceDate "2020.05.31"]
[SourceVersion "1"]
[SourceVersionDate "2020.05.31"]
[SourceQuality "1"]

1. e4 c5 2. Nf3 g6 3. c3 Nf6 4. e5 Nd5 5. d4 cxd4 6. cxd4 Bg7 7. Bc4 Nb6 8. Bb3
Nc6 9. O-O O-O 10. Nc3 d6 11. e6 Bxe6 12. Bxe6 fxe6 13. Be3 d5 14. Re1 a6 15.
Ng5 Qd6 16. Qg4 Rf5 17. Ne2 Raf8 18. b3 Nd7 19. f4 Nf6 20. Qh3 h6 21. Nf3 Ne4
22. Qg4 Kh7 23. Rad1 Qa3 24. Nc1 Nf6 25. Qh3 Ne4 26. Qg4 Qb2 27. Nh4 R5f6 28.
Nd3 Qxa2 29. Ne5 Qxb3 30. Nexg6 Rg8 31. Qh5 Qc2 32. Rc1 Qd3 33. Rcd1 Qc2 34.
Rc1 Qb2 35. Rb1 Qc3 36. Rbd1 Nb4 37. Ne5 Nc2 38. Bd2 Qxd4+ 39. Be3 Qc3 40. Bb6
Nxe1 41. Nhg6 Qc2 42. Rxe1 Qb2 43. Nxe7 Qxb6+ 0-1

[Event "Chess24 Banter Blitz Cup"]
[Site "chess24.com INT"]
[Date "2020.03.01"]
[Round "3.12"]
[White "Iturrizaga Bonelli, Eduardo"]
[Black "Bacrot, Etienne"]
[Result "1-0"]
[WhiteElo "2629"]
[BlackElo "2671"]
[PlyCount "61"]
[EventDate "2019.09.25"]
[EventType "k.o. (blitz)"]
[EventRounds "7"]
[EventCountry "USA"]
[SourceTitle "CBM 195 Extra"]
[Source "ChessBase"]
[SourceDate "2020.05.31"]
[SourceVersion "1"]
[SourceVersionDate "2020.05.31"]
[SourceQuality "1"]

1. b3 g6 2. Bb2 Nf6 3. g3 Bg7 4. Bg2 O-O 5. d4 d6 6. Nf3 Nbd7 7. O-O c6 8. Nbd2
Qc7 9. e4 e5 10. dxe5 dxe5 11. h3 b5 12. a4 a6 13. Qe2 Bb7 14. Rfd1 Rfe8 15.
axb5 cxb5 16. c4 b4 17. Ne1 Nc5 18. Nd3 Nxd3 19. Qxd3 Nd7 20. Nf1 Nc5 21. Qc2
Bh6 22. Bc1 Bxc1 23. Raxc1 Ne6 24. Ne3 Nd4 25. Qb2 Qc5 26. Kh2 a5 27. Ng4 Red8
28. f4 exf4 29. gxf4 h5 30. Nf6+ Kf8 31. Nd5 1-0

[Event "Chess24 Banter Blitz Cup"]
[Site "chess24.com INT"]
[Date "2020.02.25"]
[Round "3.13"]
[White "Bacrot, Etienne"]
[Black "Iturrizaga Bonelli, Eduardo"]
[Result "0-1"]
[WhiteElo "2671"]
[BlackElo "2629"]
[PlyCount "54"]
[EventDate "2019.09.25"]
[EventType "k.o. (blitz)"]
[EventRounds "7"]
[EventCountry "USA"]
[SourceTitle "CBM 195 Extra"]
[Source "ChessBase"]
[SourceDate "2020.05.31"]
[SourceVersion "1"]
[SourceVersionDate "2020.05.31"]
[SourceQuality "1"]

1. e4 c5 2. Nf3 g6 3. h4 h5 4. d4 cxd4 5. Qxd4 Nf6 6. e5 Nc6 7. Qc3 Nd5 8. Qb3
e6 9. Bd3 Bg7 10. c4 Nb6 11. Bf4 Qc7 12. Nc3 Nxe5 13. Bxe5 Bxe5 14. Nb5 Qc5 15.
Nxe5 Qxe5+ 16. Be2 O-O 17. g4 hxg4 18. h5 g5 19. h6 f5 20. Rd1 d5 21. c5 Nd7
22. Qa3 Nf6 23. c6 bxc6 24. Qe7 Nh7 25. Nd6 Ba6 26. Qg7+ Qxg7 27. hxg7 Rfd8 0-1

[Event "Chess24 Banter Blitz Cup"]
[Site "chess24.com INT"]
[Date "2020.04.01"]
[Round "4.8"]
[White "Abdusattorov, Nodirbek"]
[Black "Iturrizaga Bonelli, Eduardo"]
[Result "0-1"]
[WhiteElo "2608"]
[BlackElo "2629"]
[PlyCount "144"]
[EventDate "2019.09.25"]
[EventType "k.o. (blitz)"]
[EventRounds "7"]
[EventCountry "USA"]
[SourceTitle "CBM 195 Extra"]
[Source "ChessBase"]
[SourceDate "2020.05.31"]
[SourceVersion "1"]
[SourceVersionDate "2020.05.31"]
[SourceQuality "1"]

1. e4 c6 2. d4 d5 3. e5 Bf5 4. Nf3 e6 5. Be2 Nd7 6. O-O Bb4 7. Nbd2 Ba5 8. c3
Bc7 9. a4 f6 10. exf6 Ngxf6 11. Re1 O-O 12. Nf1 e5 13. dxe5 Nxe5 14. Nxe5 Bxe5
15. Ng3 Bg6 16. Bd3 Bxg3 17. hxg3 Bxd3 18. Qxd3 Ne4 19. Be3 Qf6 20. Re2 Qg6 21.
Bd4 Rae8 22. Rae1 Re6 23. Bxa7 Qh5 24. Rxe4 Rxe4 25. Rxe4 dxe4 26. Qxe4 Qd1+
27. Kh2 Qh5+ 28. Kg1 Re8 29. Qc4+ Qf7 30. Qxf7+ Kxf7 31. Be3 Ke6 32. Kf1 Ra8
33. b3 Kd5 34. Ke2 Ke4 35. f3+ Kd5 36. c4+ Kd6 37. Bf4+ Ke6 38. Kd3 Rd8+ 39.
Kc3 Rd1 40. Be3 Re1 41. Kd2 Rb1 42. Kc2 Re1 43. Kd2 Ra1 44. Kc3 Ra2 45. Kb4
Rxg2 46. Bf4 Rf2 47. Kc5 Rxf3 48. b4 Kd7 49. b5 cxb5 50. cxb5 Ra3 51. Kb4 Ra2
52. a5 h6 53. Be5 g5 54. g4 Rg2 55. Kc5 Rxg4 56. Kb6 Rb4 57. Bc3 Rb3 58. Bd2 g4
59. Bxh6 g3 60. Bg7 g2 61. Bd4 Rb1 62. Kxb7 Rxb5+ 63. Ka6 Rd5 64. Bf2 Rd2 65.
Be3 Re2 66. Bd4 Re1 67. Kb7 Rb1+ 68. Ka7 g1=Q 69. Bxg1 Rxg1 70. a6 Kc6 71. Ka8
Kb6 72. Kb8 Rg8# 0-1

[Event "Chess24 Banter Blitz Cup"]
[Site "chess24.com INT"]
[Date "2020.04.01"]
[Round "4.9"]
[White "Iturrizaga Bonelli, Eduardo"]
[Black "Abdusattorov, Nodirbek"]
[Result "1-0"]
[WhiteElo "2629"]
[BlackElo "2608"]
[PlyCount "57"]
[EventDate "2019.09.25"]
[EventType "k.o. (blitz)"]
[EventRounds "7"]
[EventCountry "USA"]
[SourceTitle "CBM 195 Extra"]
[Source "ChessBase"]
[SourceDate "2020.05.31"]
[SourceVersion "1"]
[SourceVersionDate "2020.05.31"]
[SourceQuality "1"]

1. c4 Nf6 2. g3 e6 3. Bg2 d5 4. Nf3 Be7 5. b3 O-O 6. Bb2 c5 7. cxd5 Nxd5 8. d4
Nc6 9. dxc5 Bxc5 10. O-O Bd7 11. Nbd2 Qe7 12. a3 Rfd8 13. b4 Bb6 14. Nc4 Be8
15. Qb3 Rac8 16. Rfd1 Bc7 17. Rac1 Nb6 18. Ne3 f6 19. Nd4 Nxd4 20. Bxd4 Bb8 21.
Rxc8 Rxc8 22. Nf5 Qf7 23. Bxb6 axb6 24. Nd4 Rd8 25. Nxe6 Rxd1+ 26. Qxd1 Qe7 27.
Nd8 Be5 28. Nxb7 Bb2 29. Qb3+ 1-0

[Event "Chess24 Banter Blitz Cup"]
[Site "chess24.com INT"]
[Date "2020.04.01"]
[Round "4.11"]
[White "Iturrizaga Bonelli, Eduardo"]
[Black "Abdusattorov, Nodirbek"]
[Result "1-0"]
[WhiteElo "2629"]
[BlackElo "2608"]
[PlyCount "107"]
[EventDate "2019.09.25"]
[EventType "k.o. (blitz)"]
[EventRounds "7"]
[EventCountry "USA"]
[SourceTitle "CBM 195 Extra"]
[Source "ChessBase"]
[SourceDate "2020.05.31"]
[SourceVersion "1"]
[SourceVersionDate "2020.05.31"]
[SourceQuality "1"]

1. c4 Nf6 2. g3 e6 3. Bg2 d5 4. Nf3 Be7 5. b3 O-O 6. Bb2 c5 7. cxd5 Nxd5 8. d4
Nc6 9. dxc5 Bxc5 10. O-O Qe7 11. a3 a5 12. Nbd2 Bd7 13. Ne4 Bb6 14. Rc1 Rfd8
15. Rc2 Be8 16. Qa1 f6 17. Rfc1 Rac8 18. Nc5 Bg6 19. Rc4 Ba7 20. Nh4 Bf7 21.
R4c2 Rd6 22. Ne4 Rdd8 23. Nc5 Rd6 24. h3 Rcd8 25. Ne4 R6d7 26. Nc5 Rd6 27. Ne4
R6d7 28. e3 Nxe3 29. fxe3 Bxe3+ 30. Kh2 Bxc1 31. Rxc1 Nd4 32. Nc5 Rd6 33. Bxd4
Rxd4 34. Nxb7 R8d7 35. Rc8+ Be8 36. Nc5 Rd8 37. Rxd8 Rxd8 38. Qc3 Rc8 39. b4
axb4 40. axb4 Rb8 41. Qd4 Rd8 42. Qe4 Rd2 43. Nf5 Qf7 44. Ne3 e5 45. Nc4 Rd4
46. Qa8 h5 47. Bc6 Qxc4 48. Qxe8+ Kh7 49. Qxh5+ Kg8 50. Qe8+ Kh7 51. Qh5+ Kg8
52. Bg2 Qxc5 53. bxc5 Rc4 54. Bd5+ 1-0

[Event "Chess24 Banter Blitz Cup"]
[Site "chess24.com INT"]
[Date "2020.04.01"]
[Round "4.13"]
[White "Iturrizaga Bonelli, Eduardo"]
[Black "Abdusattorov, Nodirbek"]
[Result "1-0"]
[WhiteElo "2629"]
[BlackElo "2608"]
[PlyCount "163"]
[EventDate "2019.09.25"]
[EventType "k.o. (blitz)"]
[EventRounds "7"]
[EventCountry "USA"]
[SourceTitle "CBM 195 Extra"]
[Source "ChessBase"]
[SourceDate "2020.05.31"]
[SourceVersion "1"]
[SourceVersionDate "2020.05.31"]
[SourceQuality "1"]

1. c4 Nf6 2. g3 e6 3. Bg2 Be7 4. Nf3 O-O 5. b3 b6 6. Bb2 Bb7 7. O-O c5 8. e3 d5
9. Qe2 Nc6 10. Rd1 Qc7 11. Na3 Rac8 12. Rac1 Rfd8 13. cxd5 Nxd5 14. Nc4 Bf6 15.
Bxf6 Nxf6 16. d3 Rd7 17. h3 Rcd8 18. a4 Qb8 19. Kh2 h6 20. Rd2 Nd5 21. d4 cxd4
22. Nxd4 Nxd4 23. Rxd4 Nf6 24. Rxd7 Rxd7 25. e4 Qd8 26. e5 Bxg2 27. exf6 Bb7
28. fxg7 Qf6 29. Ne5 Rd5 30. f4 Qd8 31. Nc4 Rd4 32. Re1 Qd5 33. Qf2 Rd3 34. f5
Qxf5 35. Qxf5 exf5 36. Re7 Be4 37. g4 Rxb3 38. Nd6 Kxg7 39. Rxf7+ Kg8 40. gxf5
Rd3 41. Rf6 Bc6 42. Rg6+ Kf8 43. Rxh6 Bxa4 44. Rh8+ Ke7 45. Nc8+ Kf6 46. Nxa7
Kxf5 47. Rf8+ Kg6 48. Rf4 Bd7 49. Rb4 Rxh3+ 50. Kg2 Ra3 51. Rxb6+ Kf5 52. Nc6
Ra2+ 53. Kf3 Ra3+ 54. Ke2 Kf4 55. Nb4 Bg4+ 56. Kd2 Rb3 57. Nd3+ Rxd3+ 58. Kxd3
Bf5+ 59. Kd4 Bg4 60. Rf6+ Kg3 61. Ke4 Kh4 62. Rg6 Kh5 63. Rg7 Bd1 64. Rg3 Kh4
65. Re3 Bc2+ 66. Kd4 Kh5 67. Re4 Kg5 68. Re5+ Kf4 69. Rd5 Kf3 70. Rd6 Be4 71.
Rf6+ Ke2 72. Re6 Kd2 73. Rxe4 Kc2 74. Re3 Kb2 75. Rc3 Kb1 76. Kc4 Kb2 77. Rd3
Kb1 78. Rd2 Kc1 79. Kc3 Kb1 80. Kb3 Ka1 81. Rd3 Kb1 82. Rd1# 1-0

[Event "Chess24 Banter Blitz Cup"]
[Site "chess24.com INT"]
[Date "2020.04.01"]
[Round "4.15"]
[White "Iturrizaga Bonelli, Eduardo"]
[Black "Abdusattorov, Nodirbek"]
[Result "1-0"]
[WhiteElo "2629"]
[BlackElo "2608"]
[PlyCount "131"]
[EventDate "2019.09.25"]
[EventType "k.o. (blitz)"]
[EventRounds "7"]
[EventCountry "USA"]
[SourceTitle "CBM 195 Extra"]
[Source "ChessBase"]
[SourceDate "2020.05.31"]
[SourceVersion "1"]
[SourceVersionDate "2020.05.31"]
[SourceQuality "1"]

1. c4 Nf6 2. g3 e6 3. Bg2 Be7 4. b3 O-O 5. Bb2 d5 6. Nf3 c5 7. cxd5 Nxd5 8. d4
Nc6 9. dxc5 Bxc5 10. O-O Qe7 11. a3 a5 12. Nbd2 Bd7 13. Ne4 Bb6 14. Rc1 Rfd8
15. Rc2 Be8 16. Qa1 f6 17. Rfc1 Rac8 18. Nc5 Ncb4 19. axb4 Nxb4 20. Rc4 Bxc5
21. Bd4 Bxd4 22. Nxd4 Rxc4 23. Rxc4 b6 24. Rc1 Qd6 25. e3 e5 26. Nf5 Qd3 27.
Bh3 g6 28. Ne7+ Kf8 29. Nc8 Bc6 30. Nxb6 Qe4 31. Rxc6 Nxc6 32. Qc1 Qf3 33. Nd7+
Kg7 34. Qd2 Qh5 35. Be6 Qf3 36. Qd6 Kh6 37. h4 e4 38. Qxc6 Re8 39. Qd6 f5 40.
Bc4 f4 41. Ne5 Qh5 42. Nf7+ Kg7 43. Qd4+ Kf8 44. Qd6+ Kg7 45. Qd4+ Kf8 46. Qf6
Qd1+ 47. Kg2 Qf3+ 48. Kh2 fxe3 49. Qh8+ Ke7 50. Qe5+ Kf8 51. Qh8+ Ke7 52. Qe5+
Kf8 53. Qc5+ Kg7 54. Qxe3 Qxe3 55. fxe3 Rc8 56. Ng5 Rxc4 57. Ne6+ Kf6 58. bxc4
Kxe6 59. c5 Kd5 60. c6 Kxc6 61. h5 a4 62. hxg6 hxg6 63. g4 a3 64. Kg3 a2 65.
Kh4 a1=Q 66. Kg5 1-0

[Event "Chess24 Banter Blitz Cup"]
[Site "chess24.com INT"]
[Date "2020.04.01"]
[Round "4.16"]
[White "Abdusattorov, Nodirbek"]
[Black "Iturrizaga Bonelli, Eduardo"]
[Result "0-1"]
[WhiteElo "2608"]
[BlackElo "2629"]
[PlyCount "106"]
[EventDate "2019.09.25"]
[EventType "k.o. (blitz)"]
[EventRounds "7"]
[EventCountry "USA"]
[SourceTitle "CBM 195 Extra"]
[Source "ChessBase"]
[SourceDate "2020.05.31"]
[SourceVersion "1"]
[SourceVersionDate "2020.05.31"]
[SourceQuality "1"]

1. e4 c6 2. d4 d5 3. exd5 cxd5 4. Bd3 Nc6 5. c3 Qc7 6. h3 g6 7. Qc2 Bg7 8. Nf3
Nh6 9. O-O O-O 10. Qb3 e6 11. Nbd2 Nf5 12. Re1 Bd7 13. Nf1 Rab8 14. Ne3 Nxe3
15. Bxe3 b5 16. a3 a5 17. Qc2 b4 18. axb4 axb4 19. Qd2 bxc3 20. bxc3 e5 21.
dxe5 Nxe5 22. Nxe5 Bxe5 23. Ra7 Rb7 24. Rxb7 Qxb7 25. Bd4 Bxd4 26. cxd4 Qb6 27.
Qe3 Re8 28. Qd2 Rxe1+ 29. Qxe1 Qxd4 30. Qe2 Be6 31. Kh2 h5 32. Kg1 Kg7 33. Qf3
Qe5 34. Qd1 d4 35. Qd2 Qc5 36. Qf4 Qd5 37. h4 Qc5 38. Kh2 Bc4 39. Bxc4 Qxc4 40.
Qe5+ Kh7 41. Qd6 d3 42. g3 Qe4 43. Qf6 Qd5 44. Qa1 d2 45. Qd1 Qd3 46. Kg2 Qc3
47. Kf1 Qc4+ 48. Kg2 Qc6+ 49. Kf1 Qc4+ 50. Kg2 Qc1 51. Qb3 Kg7 52. Qe3 d1=Q 53.
Qe5+ Kh7 0-1

[Event "Chess24 Banter Blitz Cup"]
[Site "chess24.com INT"]
[Date "2020.04.06"]
[Round "5.2"]
[White "Iturrizaga Bonelli, Eduardo"]
[Black "Sunilduth Lyna, Narayanan"]
[Result "1-0"]
[WhiteElo "2629"]
[BlackElo "2611"]
[PlyCount "165"]
[EventDate "2019.09.25"]
[EventType "k.o. (blitz)"]
[EventRounds "7"]
[EventCountry "USA"]
[SourceTitle "CBM 195 Extra"]
[Source "ChessBase"]
[SourceDate "2020.05.31"]
[SourceVersion "1"]
[SourceVersionDate "2020.05.31"]
[SourceQuality "1"]

1. c4 e5 2. g3 c6 3. Nf3 e4 4. Nd4 d5 5. cxd5 Qxd5 6. Nc2 Nf6 7. Nc3 Qe5 8. Bg2
Na6 9. O-O Be7 10. d4 exd3 11. Qxd3 Bf5 12. e4 Rd8 13. Qe2 Bg4 14. f3 Be6 15.
Be3 Bc5 16. Rfd1 O-O 17. Qf2 Bxe3 18. Qxe3 Qc5 19. Qxc5 Nxc5 20. Nd4 Bc4 21.
Bf1 Bxf1 22. Kxf1 g6 23. Rd2 Rd7 24. Rad1 Rfd8 25. Ke2 h5 26. b4 Na6 27. b5 Nb8
28. bxc6 bxc6 29. Nb3 Kf8 30. Rxd7 Rxd7 31. Rc1 Ke7 32. Na4 h4 33. Ke3 hxg3 34.
hxg3 Rd8 35. Na5 Rc8 36. Rb1 Nbd7 37. Rb7 c5 38. Rxa7 Ke6 39. Ra6+ Ke7 40. Nc6+
Kf8 41. Nc3 Kg7 42. e5 Nh5 43. g4 Ng3 44. f4 c4 45. Ne7 Re8 46. Ncd5 Nc5 47.
Rc6 Nge4 48. Nf6 Rxe7 49. Nxe4 Nxe4 50. Kxe4 Ra7 51. Rxc4 Rxa2 52. Rc7 Ra4+ 53.
Kf3 Ra3+ 54. Kg2 Ra2+ 55. Kg3 Ra3+ 56. Kh4 Ra4 57. Kg5 Ra5 58. Rd7 Rb5 59. Rd6
Rc5 60. Rf6 Rb5 61. Rd6 Ra5 62. Rd7 Rb5 63. Kh4 Ra5 64. e6 g5+ 65. fxg5 Kg6 66.
Rxf7 Ra8 67. Rf6+ Kg7 68. Rh6 Ra1 69. e7 Re1 70. Kg3 Rxe7 71. Rf6 Re1 72. Rf3
Rg1+ 73. Kf4 Rc1 74. Re3 Rc4+ 75. Re4 Rc7 76. Re6 Rf7+ 77. Rf6 Rxf6+ 78. gxf6+
Kxf6 79. Kf3 Kg6 80. Kg3 Kg5 81. Kh3 Kg6 82. Kh4 Kf6 83. Kg3 1-0

[Event "Chess24 Banter Blitz Cup"]
[Site "chess24.com INT"]
[Date "2020.04.06"]
[Round "5.6"]
[White "Iturrizaga Bonelli, Eduardo"]
[Black "Sunilduth Lyna, Narayanan"]
[Result "1-0"]
[WhiteElo "2629"]
[BlackElo "2611"]
[PlyCount "61"]
[EventDate "2019.09.25"]
[EventType "k.o. (blitz)"]
[EventRounds "7"]
[EventCountry "USA"]
[SourceTitle "CBM 195 Extra"]
[Source "ChessBase"]
[SourceDate "2020.05.31"]
[SourceVersion "1"]
[SourceVersionDate "2020.05.31"]
[SourceQuality "1"]

1. c4 g6 2. Nc3 c5 3. e3 Nf6 4. d4 Bg7 5. d5 O-O 6. Nf3 d6 7. h3 e6 8. Be2 exd5
9. cxd5 Re8 10. Nd2 b6 11. O-O Ba6 12. a4 Bxe2 13. Qxe2 Nbd7 14. e4 a6 15. Nc4
Ne5 16. Bf4 Nxc4 17. Qxc4 Qd7 18. Rfe1 Nh5 19. Be3 f5 20. exf5 gxf5 21. Re2
Bxc3 22. bxc3 f4 23. Bd2 b5 24. axb5 axb5 25. Rxa8 Rxa8 26. Qe4 Qf7 27. Qf3 Nf6
28. Re6 Re8 29. Rxd6 Ne4 30. Qg4+ Kh8 31. Rd7 1-0

[Event "Chess24 Banter Blitz Cup"]
[Site "chess24.com INT"]
[Date "2020.04.06"]
[Round "5.8"]
[White "Iturrizaga Bonelli, Eduardo"]
[Black "Sunilduth Lyna, Narayanan"]
[Result "1-0"]
[WhiteElo "2629"]
[BlackElo "2611"]
[PlyCount "81"]
[EventDate "2019.09.25"]
[EventType "k.o. (blitz)"]
[EventRounds "7"]
[EventCountry "USA"]
[SourceTitle "CBM 195 Extra"]
[Source "ChessBase"]
[SourceDate "2020.05.31"]
[SourceVersion "1"]
[SourceVersionDate "2020.05.31"]
[SourceQuality "1"]

1. c4 e5 2. g3 c6 3. Nf3 e4 4. Nd4 d5 5. cxd5 Qxd5 6. Nc2 Nf6 7. Nc3 Qe5 8. Bg2
Na6 9. O-O Be7 10. d4 exd3 11. Qxd3 Be6 12. Bf4 Qh5 13. Nd4 Rd8 14. Nxe6 fxe6
15. Bxc6+ bxc6 16. Qxa6 O-O 17. Qxc6 Ng4 18. Qg2 e5 19. Be3 Nxe3 20. fxe3 h6
21. Rxf8+ Rxf8 22. Rf1 Rd8 23. Qe4 Bg5 24. Kg2 Qe8 25. Rf5 Bf6 26. Nd5 Qe6 27.
Nxf6+ gxf6 28. Qg4+ Kh7 29. Qf3 Rd6 30. b3 a5 31. h4 a4 32. Qe4 Kg7 33. Qg4+
Kh7 34. h5 Qf7 35. Qxa4 Qb7+ 36. Kf2 Qh1 37. Qa7+ Kg8 38. Qb8+ Kf7 39. Qxd6
Qh2+ 40. Ke1 Qxg3+ 41. Kd2 1-0